21st century resource or a database too far? (Record no. 70875)
[ view plain ]
| 000 -LEADER | |
|---|---|
| fixed length control field | 01103cam a2200217 4500 |
| 001 - CONTROL NUMBER | |
| control field | ABS65727 |
| 008 - FIXED-LENGTH DATA ELEMENTS--GENERAL INFORMATION | |
| fixed length control field | 020801n2002 000 0 eng u |
| 035 ## - SYSTEM CONTROL NUMBER | |
| System control number | (Sirsi) u119150 |
| 245 ## - TITLE STATEMENT | |
| Title | 21st century resource or a database too far? |
| 260 ## - PUBLICATION, DISTRIBUTION, ETC. | |
| Date of publication, distribution, etc. | 2002 |
| 490 ## - SERIES STATEMENT | |
| Series statement | Estates Gazette |
| Volume/sequential designation | (0230) 27 July 2002, 116-117(2) |
| 520 ## - SUMMARY, ETC. | |
| Summary, etc. | Describes the progress since 1999 of the National Land and Property Gazetteer which aims to become England and Wales's first national database of definitive property and address data. Only 142 of the 452 participating local authorities are linked to the NLPG at present. Progress has been slow due to the sheer scale of the project and the low priority placed on it by some local authorities. Data quality has been queried and NLPG will be publishing a full report addressing this issue. |
| 590 ## - LOCAL NOTE (RLIN) | |
| Local note | ABS |
| 600 ## - SUBJECT ADDED ENTRY--PERSONAL NAME | |
| Personal name | ADDRESSES |
| 650 ## - SUBJECT ADDED ENTRY--TOPICAL TERM | |
| Topical term or geographic name entry element | NATIONAL LAND AND PROPERTY GAZETTEER |
| 650 ## - SUBJECT ADDED ENTRY--TOPICAL TERM | |
| Topical term or geographic name entry element | GIS |
| 650 ## - SUBJECT ADDED ENTRY--TOPICAL TERM | |
| Topical term or geographic name entry element | NATIONAL LAND INFORMATION SERVICE |
| 650 ## - SUBJECT ADDED ENTRY--TOPICAL TERM | |
| Topical term or geographic name entry element | LOCAL AUTHORITIES |
| 690 ## - LOCAL SUBJECT ADDED ENTRY--TOPICAL TERM (OCLC, RLIN) | |
| Topical term or geographic name as entry element | MANAGEMENT-BUSINESS MANAGEMENT-INFORMATION MANAGEMENT |
| 942 ## - ADDED ENTRY ELEMENTS (KOHA) | |
| Suppress in OPAC | 0 |
| Withdrawn status | Lost status | Source of classification or shelving scheme | Damaged status | Not for loan | Home library | Current library | Shelving location | Date acquired | Total Checkouts | Full call number | Barcode | Date last seen | Copy number | Price effective from | Koha item type |
|---|---|---|---|---|---|---|---|---|---|---|---|---|---|---|---|
| Dewey Decimal Classification | London | London | Journal article | 01/08/2002 | ABS65727 | 119150-1001 | 06/08/2019 | 1 | 06/08/2019 | Journal article |